000 00256nam a2200097Ia 4500
082 _aJ 510 KNAP
245 0 _aDriving Daddy
100 _a VESTERGAARD, Hope New York, 2003 1st ed
_982398
942 _cBK
008 210817s9999 xx 000 0 und d
999 _c297529
_d297531